000 00525 a2200205 4500
005 20240517124654.0
010 _aB-759084
020 _a9789354716515
_c299.00
035 _aB-759084
037 _bGift/10.5.24
082 _aS
100 _aMara, Maddy
_966341
245 _aDragon Games/
_bMaddy Mara
260 _aNew York
_bScholastic Press
_c2023
270 _aNew York
300 _a130 p.
_c20cm (Pb)
700 _966089
942 _adpl
_cCH
_2ddc
_hS
_mMAR
999 _c202941
_d202941